书目信息 |
| 题名: |
翠亨孙中山故居
|
|
| 作者: | 黄彦 , 李伯新 著 | |
| 分册: | ||
| 出版信息: | 北京 文物出版社 1981 |
|
| 页数: | 29页 | |
| 开本: | 19cm | |
| 丛书名: | ||
| 单 册: | ||
| 中图分类: | K878.22 | |
| 科图分类: | ||
| 主题词: | ||
| 电子资源: | ||
| ISBN: | ||
| 000 | 00659nam0 2200253 45 | |
| 001 | 0181009683 | |
| 005 | 20060819092056.28 | |
| 010 | @dCNY0.32 | |
| 091 | @aCN@b11068.883 | |
| 100 | @a19950404d1981 em y0chiy0121 ea | |
| 101 | 0 | @achi |
| 102 | @aCN@b110000 | |
| 105 | @ay z 000yy | |
| 200 | 10 | @a翠亨孙中山故居@Acui heng sun zhong shan gu ju@f李伯新,黄彦著 |
| 210 | @a北京@c文物出版社@d1981 | |
| 215 | @a29页@d19cm | |
| 600 | @a故居-孙中山 | |
| 600 | 0 | @a孙中山@x故居 |
| 690 | @aK878.22@v3 | |
| 701 | 0 | @a黄彦@Ahuang yan@4著 |
| 701 | 0 | @a李伯新@Ali bo xin@4著 |
| 801 | 2 | @aCN@bNLC@c20060819 |
| 801 | 0 | @aCN@bTSSF |
| 905 | @a10447@dK878.22@e198 | |
| 翠亨孙中山故居/李伯新,黄彦著.-北京:文物出版社,1981 |
| 29页;19cm |
| ISBN :CNY0.32 |
| ● |
| 相关链接 |
|
|
|
|
正题名:翠亨孙中山故居
索取号:K878.22/198
 
预约/预借
| 序号 | 登录号 | 条形码 | 馆藏地/架位号 | 状态 | 备注 |
| 1 | 0466811 | 204668118 | 密集书库/ [索取号:K878.22/198] | 在馆 |